000
00352nam a2200133Ia 4500
008
100328s9999 xx 000 0 und d
082
_b
51843
100
_a
भावे पु.भा.
245
_a
माग वळून
260
_b
राजश्री
630
_a
माग वळून
730
_a
माग वळून
942
_c
BOOK
999
_c
538747
_d
538744